000 00523nam a2200169Ia 4500
005 20250508155229.0
008 008 250505s9999 xx 000 0 eng d
037 _aTextual
040 _aFEDL
_beng
_cFEDL
041 _aeng
_2eng
084 _a362.409794, COO
_qFEDL
245 0 _aPrograms and services for handicapped children in California
245 0 _cCo-ordinating Council on Programs for Handicapped Children
300 _a43p.
942 _cTEXL
_h362.409794, COO
999 _c1355363
_d1355363